UM Logo

Benefit corporations and B corporations: (Record no. 16323)

MARC details
000 -LEADER
fixed length control field 00672nam a2200181 4500
008 - FIXED-LENGTH DATA ELEMENTS--GENERAL INFORMATION
fixed length control field 211122b ||||| |||| 00| 0 eng d
022 ## - INTERNATIONAL STANDARD SERIAL NUMBER
International Standard Serial Number 0732-8435
082 ## - DEWEY DECIMAL CLASSIFICATION NUMBER
Classification number DPer 657.05 C33 Apr - Sept 2016, v86 n4-9
100 ## - MAIN ENTRY--PERSONAL NAME
Personal name Pippin, Sonia E.
9 (RLIN) 43720
245 ## - TITLE STATEMENT
Title Benefit corporations and B corporations:
Remainder of title new opportunities for accountants/
Statement of responsibility, etc. Sonia E. Pippin and Jessica L. Weber.
260 ## - PUBLICATION, DISTRIBUTION, ETC. (IMPRINT)
Place of publication, distribution, etc. New York:
Name of publisher, distributor, etc. The New York State Society of CPA,
Date of publication, distribution, etc. ©2016.
300 ## - PHYSICAL DESCRIPTION
Extent v86 n8, pages 54-57:
Other physical details illustrations;
Dimensions 28 cm.
500 ## - GENERAL NOTE
General note The CPA Journal
650 ## - SUBJECT ADDED ENTRY--TOPICAL TERM
Topical term or geographic name as entry element Accountants.
9 (RLIN) 42729
650 ## - SUBJECT ADDED ENTRY--TOPICAL TERM
Topical term or geographic name as entry element Corporations.
9 (RLIN) 16466
700 ## - ADDED ENTRY--PERSONAL NAME
Personal name Weber, J. L.
Relator term Author.
9 (RLIN) 43721
942 ## - ADDED ENTRY ELEMENTS (KOHA)
Source of classification or shelving scheme Dewey Decimal Classification
Koha item type Periodicals
Holdings
Withdrawn status Lost status Source of classification or shelving scheme Damaged status Not for loan Collection code Home library Current library Date acquired Total Checkouts Full call number Date last seen Price effective from Koha item type Public note
    Dewey Decimal Classification     Periodicals UM Digos College - LIC UM Digos College - LIC 11/22/2021   DPer 657.05 C33 Apr - Sept 2016, v86 n4-9 11/22/2021 11/22/2021 Periodicals Periodical article